80s Movies Quiz #1 - Statistics

General Stats
  • This quiz has been taken 396 times
  • The average score is 10 of 16
Answer Stats
Picture Answer % Correct
Back to the Future
98%
E.T. the Extra-Terrestrial
96%
Raiders of the Lost Ark
94%
The Shining
94%
Ferris Bueller's Day Off
76%
Scarface
69%
Stand By Me
69%
Good Morning Vietnam
65%
Gandhi
64%
Airplane
61%
When Harry Met Sally
53%
Full Metal Jacket
49%
Amadeus
48%
The Color Purple
39%
The Last Temptation of Christ
17%
Come and See
9%
No matching quizzes found
Score Distribution
Percent of People with Each Score
Percentile by Number Answered
Your Score History
You have not taken this quiz